Kabale University Library Catalogue

Camera & Craft : (Record no. 1407)

MARC details
000 -LEADER
fixed length control field 01041cam a2200289 i 4500
003 - CONTROL NUMBER IDENTIFIER
control field OSt
005 - DATE AND TIME OF LATEST TRANSACTION
control field 20200806085348.0
008 - FIXED-LENGTH DATA ELEMENTS--GENERAL INFORMATION
fixed length control field 140521s2015 nyua b 001 0 eng
010 ## - LIBRARY OF CONGRESS CONTROL NUMBER
LC control number 2014016171
020 ## - INTERNATIONAL STANDARD BOOK NUMBER
International Standard Book Number 9780415810128 (pbk : alk. paper)
020 ## - INTERNATIONAL STANDARD BOOK NUMBER
Canceled/invalid ISBN 9780203792391 (ebk)
040 ## - CATALOGING SOURCE
Original cataloging agency DLC
Transcribing agency KABLIB
Modifying agency KABLIB
082 00 - DEWEY DECIMAL CLASSIFICATION NUMBER
Classification number 771.3
Edition number 23
Item number BAT
100 1# - MAIN ENTRY--PERSONAL NAME
Personal name Batt, Andy.
9 (RLIN) 4109
240 ## - UNIFORM TITLE
Uniform title learning the technical art of digital photography /
245 10 - TITLE STATEMENT
Title Camera & Craft :
Remainder of title learning the technical art of digital photography /
Statement of responsibility, etc. Andy Batt, Candace Dobro and Jodie Steen.
264 #1 - PRODUCTION, PUBLICATION, DISTRIBUTION, MANUFACTURE, AND COPYRIGHT NOTICE
Place of production, publication, distribution, manufacture New York :
Name of producer, publisher, distributor, manufacturer Focal Press,
Date of production, publication, distribution, manufacture, or copyright notice c2015.
300 ## - PHYSICAL DESCRIPTION
Extent xv, 385 pages :
Other physical details color illustrations ;
Dimensions 23x23 cm.
490 0# - SERIES STATEMENT
Series statement Digital imaging masters series
500 ## - GENERAL NOTE
General note Includes index.
504 ## - BIBLIOGRAPHY, ETC. NOTE
Bibliography, etc. note Includes bibliographical references.
650 #0 - SUBJECT ADDED ENTRY--TOPICAL TERM
Topical term or geographic name entry element Photography
General subdivision Digital techniques.
9 (RLIN) 4110
650 #0 - SUBJECT ADDED ENTRY--TOPICAL TERM
Topical term or geographic name entry element Photography
General subdivision Technique.
9 (RLIN) 4111
700 1# - ADDED ENTRY--PERSONAL NAME
Personal name Dobro, Candace,
Relator term Joint Author.
9 (RLIN) 4112
700 1# - ADDED ENTRY--PERSONAL NAME
Personal name Steen, Jodie,
Relator term Joint Author.
9 (RLIN) 4113
942 ## - ADDED ENTRY ELEMENTS (KOHA)
Source of classification or shelving scheme Dewey Decimal Classification
Koha item type Book
Holdings
Withdrawn status Lost status Source of classification or shelving scheme Damaged status Not for loan Home library Current library Shelving location Date acquired Total Checkouts Full call number Barcode Date last seen Price effective from Koha item type
    Dewey Decimal Classification     Engineering and Technology Library Engineering and Technology Library Open Access Section 06.08.2020   771.3 BAT 6366 06.08.2020 06.08.2020 Book

Kabale University Library | Kabale University P.O Box 317, Kabale, Uganda
Tel : +256754017033, +256774661503 E-mail : library@kab.ac.ug